Kiswahili kwa furahā : corso di lingua (Record no. 43522)
[ view plain ]
| 000 -LEADER | |
|---|---|
| fixed length control field | 01140nam a22003371a 4500 |
| 001 - CONTROL NUMBER | |
| control field | 5495302 |
| 005 - DATE AND TIME OF LATEST TRANSACTION | |
| control field | 20110718134041.0 |
| 008 - FIXED-LENGTH DATA ELEMENTS--GENERAL INFORMATION | |
| fixed length control field | 920929s1987 it a b 000 0 ita d |
| 035 ## - SYSTEM CONTROL NUMBER | |
| System control number | (OCoLC)26695131 |
| 035 ## - SYSTEM CONTROL NUMBER | |
| System control number | ucoclc26695131 |
| 035 ## - SYSTEM CONTROL NUMBER | |
| System control number | 5495302 |
| 040 ## - CATALOGING SOURCE | |
| Original cataloging agency | IUL |
| Transcribing agency | IUL |
| Modifying agency | OCL |
| -- | OCLCQ |
| -- | CLU |
| -- | UtOrBLW |
| 041 0# - LANGUAGE CODE | |
| Language code of text/sound track or separate title | itaswa |
| 049 ## - LOCAL HOLDINGS (OCLC) | |
| Holding library | CLUR |
| Primary bibliographic subdivision | v.1 |
| Local processing data | [v.1]L0097394019 |
| 090 ## - LOCALLY ASSIGNED LC-TYPE CALL NUMBER (OCLC); LOCAL CALL NUMBER (OCLC) | |
| Classification number (OCLC) (R) ; Classification number, CALL (RLIN) (NR) | PL8701 |
| Local cutter number (OCLC) ; Book number/undivided call number, CALL (RLIN) | .B47 1987 |
| 100 1# - MAIN ENTRY--PERSONAL NAME | |
| Personal name | Bertoncini-Zúbková, Elena. |
| 245 10 - TITLE STATEMENT | |
| Title | Kiswahili kwa furahā : corso di lingua |
| Medium | [Text] |
| 260 ## - PUBLICATION, DISTRIBUTION, ETC. (IMPRINT) | |
| Place of publication, distribution, etc | Napoli |
| Name of publisher, distributor, etc | Dipartimento studi e ric |
| Date of publication, distribution, etc | 1987 |
| 300 ## - PHYSICAL DESCRIPTION | |
| Extent | xxii, 2 v. : ill |
| 490 1# - SERIES STATEMENT | |
| Series statement | Serie didattica ; |
| Volume number/sequential designation | 1-2 |
| 500 ## - GENERAL NOTE | |
| General note | Volume 2 prepared also by Maddalena Toscano. |
| 504 ## - BIBLIOGRAPHY, ETC. NOTE | |
| Bibliography, etc | Includes bibliographical references (v. 1, p. 440-451). |
| 505 0# - FORMATTED CONTENTS NOTE | |
| Formatted contents note | v. 1. Grammatica e testi letterari -- v. 2. Letture e esercizi. |
| 650 #0 - SUBJECT ADDED ENTRY--TOPICAL TERM | |
| Topical term or geographic name as entry element | Swahili language - Study and teaching - |
| 650 #0 - SUBJECT ADDED ENTRY--TOPICAL TERM | |
| Topical term or geographic name as entry element | Swahili language. |
| Form subdivision | Texts. |
| 700 1# - ADDED ENTRY--PERSONAL NAME | |
| Personal name | Toscano, Maddalena. |
| 710 2# - ADDED ENTRY--CORPORATE NAME | |
| Corporate name or jurisdiction name as entry element | Istituto universitario orientale (Naples |
| 830 #0 - SERIES ADDED ENTRY--UNIFORM TITLE | |
| Uniform title | Serie didattica (Naples, Italy) ; |
| Volume number/sequential designation | 1-2. |
| 910 ## - USER-OPTION DATA (OCLC) | |
| User-option data | cmh 061103 |
| 910 ## - USER-OPTION DATA (OCLC) | |
| User-option data | MARS |
| Withdrawn status | Lost status | Source of classification or shelving scheme | Damaged status | Not for loan | Collection code | Home library | Current library | Shelving location | Date acquired | Source of acquisition | Cost, normal purchase price | Full call number | Barcode | Date last seen | Copy number | Price effective from | Koha item type |
|---|---|---|---|---|---|---|---|---|---|---|---|---|---|---|---|---|---|
| Library of Congress Classification | Special Collection | AIU/NEGST - Tony Wilmot Memorial Library | AIU/NEGST - Tony Wilmot Memorial Library | Special Collection | 02/17/2010 | Donation- SIL | 40.00 | S PL 8701.B47K57 1987 | R41166W3232 | 09/26/2019 | 1 | 02/17/2010 | Africana Collection (Special) |
